Fitness professional's handbook / (Record no. 99254)
[ view plain ]
| 000 -LEADER | |
|---|---|
| fixed length control field | 01130cam a2200337 a 4500 |
| 001 - CONTROL NUMBER | |
| control field | 17005350 |
| 003 - CONTROL NUMBER IDENTIFIER | |
| control field | URS |
| 005 - DATE AND TIME OF LATEST TRANSACTION | |
| control field | 20260326151012.0 |
| 008 - FIXED-LENGTH DATA ELEMENTS--GENERAL INFORMATION | |
| fixed length control field | 111014s2012 ilua b 001 0 eng |
| 010 ## - LIBRARY OF CONGRESS CONTROL NUMBER | |
| LC control number | 2011043137 |
| 020 ## - INTERNATIONAL STANDARD BOOK NUMBER | |
| International Standard Book Number | 9781450411172 |
| Qualifying information | |
| 020 ## - INTERNATIONAL STANDARD BOOK NUMBER | |
| International Standard Book Number | 1450411177 |
| Qualifying information | |
| 040 ## - CATALOGING SOURCE | |
| Original cataloging agency | DLC |
| Transcribing agency | DLC |
| Modifying agency | URS |
| Language of cataloging | eng |
| Description conventions | rda |
| 050 14 - LIBRARY OF CONGRESS CALL NUMBER | |
| Classification number | GV481 |
| Item number | .H844 2012 |
| 060 10 - NATIONAL LIBRARY OF MEDICINE CALL NUMBER | |
| Classification number | QT 255 |
| 100 1# - MAIN ENTRY--PERSONAL NAME | |
| Personal name | Howley, Edward T., |
| Dates associated with a name | 1943- |
| 245 10 - TITLE STATEMENT | |
| Title | Fitness professional's handbook / |
| Statement of responsibility, etc. | Edward T. Howley, Dixie L. Thompson. |
| 250 ## - EDITION STATEMENT | |
| Edition statement | Sixth edition- |
| 264 #1 - PRODUCTION, PUBLICATION, DISTRIBUTION, MANUFACTURE, AND COPYRIGHT NOTICE | |
| Place of production, publication, distribution, manufacture | Champaign, IL : |
| Name of producer, publisher, distributor, manufacturer | Human Kinetics, |
| Date of production, publication, distribution, manufacture, or copyright notice | c2012. |
| 300 ## - PHYSICAL DESCRIPTION | |
| Extent | xi, 596 pages : |
| Other physical details | illustrations(some colored) ; |
| Dimensions | 29 cm |
| 336 ## - CONTENT TYPE | |
| Content type term | text |
| Content type code | txt |
| Source | rdacontent |
| 337 ## - MEDIA TYPE | |
| Media type term | unmediated |
| Media type code | n |
| Source | rdamedia |
| 338 ## - CARRIER TYPE | |
| Carrier type term | volume |
| Carrier type code | nc |
| Source | rdacarrier |
| 504 ## - BIBLIOGRAPHY, ETC. NOTE | |
| Bibliography, etc. note | Includes bibliographical references and index. |
| 650 12 - SUBJECT ADDED ENTRY--TOPICAL TERM | |
| Topical term or geographic name entry element | Exercise |
| General subdivision | physiology. |
| 650 12 - SUBJECT ADDED ENTRY--TOPICAL TERM | |
| Topical term or geographic name entry element | Physical Fitness |
| General subdivision | physiology. |
| 650 22 - SUBJECT ADDED ENTRY--TOPICAL TERM | |
| Topical term or geographic name entry element | Health Behavior. |
| 650 22 - SUBJECT ADDED ENTRY--TOPICAL TERM | |
| Topical term or geographic name entry element | Nutritional Physiological Phenomena. |
| 700 1# - ADDED ENTRY--PERSONAL NAME | |
| Personal name | Thompson, Dixie L., |
| Dates associated with a name | 1960- |
| 942 ## - ADDED ENTRY ELEMENTS (KOHA) | |
| Source of classification or shelving scheme | Library of Congress Classification |
| Koha item type | Foreign Books |
| Edition | sixth edition |
| Classification part | GV481 |
| Item part | .H844 2012 |
| Withdrawn status | Source of classification or shelving scheme | Damaged status | Not for loan | Home library | Current library | Shelving location | Date acquired | Total Checkouts | Full call number | Barcode | Date last seen | Price effective from | Koha item type |
|---|---|---|---|---|---|---|---|---|---|---|---|---|---|
| Library of Congress Classification | Angono College Library | Angono College Library | Foreign Section | 03/19/2026 | GV481 .H844 2012 | URSANG-3071 | 03/19/2026 | 03/19/2026 | Foreign Books |